Statistics for roblox

Click here to take the quiz!

General Stats

  • This quiz has been taken 1,461 times
    (1,119 since last reset)
  • The average score is 6 of 12

Answer Stats

QuestionAnswer% Correct
roblox head quarters is in...usa
91%
who is the CEO of Roblox (added March 5th, 2021)David Baszucki
80%
Who founded Roblox? (added March 5th, 2021)David Baszucki and Erik Cassle
76%
roblox bacon hairs are... (be nice)pro / epic
68%
Roblox was released in... (added in March 14 2021)2006
59%
Roblox toys are made in... (added March 5th, 2021)china
46%
Roblox was made in... (added March 5th, 2021)2004
42%
who owns the roblox account ROBLOXits a shared admin account
30%
roblox is worth about... (updated on March 5th, 2021) [according to google]30 billion
29%
when did the account roblox last go online (updated on april 20 2020)2017
22%
When did roblox last go online (Last updated in July 2021) (btw i dont wanna update the last one because im to lazy to rn2021
21%
roblox removed bacon hairs (theres no gender opition anymore) true or falsetrue
12%

Score Distribution

Percentile by Number Answered

Percent of People with Each Score

Your Score History

You have not taken this quiz since the last reset